| 000 | 00624nam a2200193 i 4500 | ||
|---|---|---|---|
| 001 | 55266 | ||
| 003 | ES-MaACL | ||
| 007 | t| | ||
| 008 | 030916s1974 fr ||||1| fre d | ||
| 100 | 1 |
_aDemichel, André. _943646 |
|
| 245 | 1 | 0 |
_aGrands services publics et entreprises nationales _b: . I: Théorie générale des services publics / _cpar André Demichel. |
| 260 |
_aParis : _bDalloz, _c1974. |
||
| 300 |
_a118 p. ; _c24 cm. |
||
| 490 | 1 | _aMementos Dalloz | |
| 740 | 0 | _aThéorie générale des services publics. | |
| 830 | 0 |
_aMementos Dalloz _9230324 |
|
| 852 |
_aES-MaACL _jE-6264 _bR.90229 |
||
| 999 |
_c55266 _d55266 |
||